<?xml version="1.0" encoding="UTF-8"?><?xml-stylesheet type="text/xsl" href="static/style.xsl"?><OAI-PMH xmlns="http://www.openarchives.org/OAI/2.0/" xmlns:xsi="http://www.w3.org/2001/XMLSchema-instance" xsi:schemaLocation="http://www.openarchives.org/OAI/2.0/ http://www.openarchives.org/OAI/2.0/OAI-PMH.xsd"><responseDate>2026-06-29T02:49:16Z</responseDate><request verb="GetRecord" identifier="oai:docta.ucm.es:20.500.14352/131931" metadataPrefix="marc">https://docta.ucm.es/rest/oai/request</request><GetRecord><record><header><identifier>oai:docta.ucm.es:20.500.14352/131931</identifier><datestamp>2026-02-10T01:20:32Z</datestamp><setSpec>com_20.500.14352_14</setSpec><setSpec>col_20.500.14352_15</setSpec></header><metadata><record xmlns="http://www.loc.gov/MARC21/slim" xmlns:dcterms="http://purl.org/dc/terms/" xmlns:xsi="http://www.w3.org/2001/XMLSchema-instance" xmlns:doc="http://www.lyncode.com/xoai" xsi:schemaLocation="http://www.loc.gov/MARC21/slim http://www.loc.gov/standards/marcxml/schema/MARC21slim.xsd">
   <leader>00925njm 22002777a 4500</leader>
   <datafield ind2=" " ind1=" " tag="042">
      <subfield code="a">dc</subfield>
   </datafield>
   <datafield ind2=" " ind1=" " tag="720">
      <subfield code="a">Santos, Ninel</subfield>
      <subfield code="e">author</subfield>
   </datafield>
   <datafield ind2=" " ind1=" " tag="720">
      <subfield code="a">De Agustín Loeches, José Alberto</subfield>
      <subfield code="e">author</subfield>
   </datafield>
   <datafield ind2=" " ind1=" " tag="720">
      <subfield code="a">Hernández Antolín, Rosa Ana</subfield>
      <subfield code="e">author</subfield>
   </datafield>
   <datafield ind2=" " ind1=" " tag="720">
      <subfield code="a">Pérez De Isla, Leopoldo</subfield>
      <subfield code="e">author</subfield>
   </datafield>
   <datafield ind2=" " ind1=" " tag="720">
      <subfield code="a">Macaya Miguel, Carlos</subfield>
      <subfield code="e">author</subfield>
   </datafield>
   <datafield ind2=" " ind1=" " tag="720">
      <subfield code="a">Zamorano Gómez, José Luis</subfield>
      <subfield code="e">author</subfield>
   </datafield>
   <datafield ind2=" " ind1=" " tag="260">
      <subfield code="c">2012-04-17</subfield>
   </datafield>
   <datafield ind2=" " ind1=" " tag="520">
      <subfield code="a">Aims
Paravalvular aortic regurgitation (AR) is common after transcatheter aortic valve implantation (TAVI). This study aimed to assess the prosthesis/aortic annulus discongruence by three-dimensional (3D) transoesophageal (TOE) planimetry of aortic annulus and its impact on the occurrence of significant AR after TAVI.

Methods and results
We included 33 patients who underwent TAVI with a balloon expandable device for severe aortic stenosis. To appraise the prosthesis/annulus discongruence, we defined a ‘mismatch index’ expressed as: annulus area − prosthesis area. The aortic annulus area was planimetered with 3D TOE, and approximated by circular area formula (π r2) using annulus diameter obtained by two-dimensional (2D) TOE. After TAVI, 13 patients (39.3%) developed significant AR (≥2/4). The occurrence of significant AR was associated to the 3D planimetered annulus area (P = 0.04), and the ‘mismatch index’ obtained through 3D planimetered annulus area (P = 0.03), but not to ‘mismatch index’ derived of 2D annulus diameter. In multivariate analysis, ‘mismatch index’ for 3D planimetered annulus area was the only independent predictor of significant AR (odds ratio: 10.614; 95% CI: 1.044–17.21; P = 0.04). The area under the receiver operating characteristic curve for the ‘mismatch index’ by the 3D planimetered annulus area was 0.76 (95% CI: 0.54–0.92), whereas for ‘mismatch index’ obtained by the 2D circular area was 0.36 (95% CI: 0.17–0.55). Using the 3D planimetered annulus area as the reference parameter to decide the prosthetic size, the choice would have been different in 21 patients (63%).

Conclusion
Three-dimensional TOE planimetry of aortic annulus improves the assessment of prosthesis/annulus discongruence and predicts the appearance of significant AR after TAVI.</subfield>
   </datafield>
   <datafield ind1="8" ind2=" " tag="024">
      <subfield code="a">Santos, N., de Agustín, J. A., Almería, C., Gonçalves, A., Marcos-Alberca, P., Fernández-Golfín, C., García, E., Hernández-Antolín, R., de Isla, L. P., Macaya, C., &amp; Zamorano, J. (2012). Prosthesis/annulus discongruence assessed by three-dimensional transoesophageal echocardiography: a predictor of significant paravalvular aortic regurgitation after transcatheter aortic valve implantation. European heart journal. Cardiovascular Imaging, 13(11), 931–937. https://doi.org/10.1093/ehjci/jes072</subfield>
   </datafield>
   <datafield ind1="8" ind2=" " tag="024">
      <subfield code="a">10.1093/EHJCI/JES072</subfield>
   </datafield>
   <datafield ind1="8" ind2=" " tag="024">
      <subfield code="a">https://hdl.handle.net/20.500.14352/131931</subfield>
   </datafield>
   <datafield ind1="8" ind2=" " tag="024">
      <subfield code="a">2047-2412</subfield>
   </datafield>
   <datafield ind1="8" ind2=" " tag="024">
      <subfield code="a">https://doi.org/10.1093/EHJCI/JES072</subfield>
   </datafield>
   <datafield ind1="8" ind2=" " tag="024">
      <subfield code="a">https://academic.oup.com/ehjcimaging/article/13/11/931/2397171?login=true</subfield>
   </datafield>
   <datafield ind2="0" ind1="0" tag="245">
      <subfield code="a">Prosthesis/annulus discongruence assessed by three-dimensional transoesophageal echocardiography: A predictor of significant paravalvular aortic regurgitation after transcatheter aortic valve implantation</subfield>
   </datafield>
</record></metadata></record></GetRecord></OAI-PMH>